|
|
|
|
| LEADER |
00000cam a2200000 7i4500 |
| 001 |
0000086307 |
| 005 |
20210121.0 |
| 008 |
210121 |
| 020 |
|
|
|a 9789670911410
|
| 041 |
0 |
|
|a Malay
|
| 090 |
0 |
0 |
|a 297
|b SID
|
| 100 |
0 |
|
|a Sidek Baba
|c Dato', Prof., Dr., ,
|d 1946-
|
| 245 |
1 |
0 |
|a Ke arah pendidikan Ulul Albab
|c Sidek Baba
|
| 260 |
|
|
|a Selangor :
|b MZ Edu Publications ,
|c 2020
|
| 300 |
|
|
|a 129 p. ;
|c 21.4 cm.
|
| 541 |
0 |
0 |
|c Purchased on 2020
|f 202024 MZE
|h RM25.00
|
| 650 |
|
0 |
|a Islamic education
|
| 650 |
|
0 |
|a Muslims
|x Conduct of life
|
| 650 |
|
0 |
|a Religious life
|x Islam
|
| 999 |
|
|
|a 0001650668
|b Book
|c Adult Collection
|e Cawangan Bandar Tenggara
|
| 999 |
|
|
|a 0001650669
|b Book
|c Adult Collection
|e Cawangan Tangkak
|
| 999 |
|
|
|a 0001650671
|b Book
|c Adult Collection
|e Cawangan Tmn. Ungku Tun Aminah
|
| 999 |
|
|
|a 0001650672
|b Book
|c Adult Collection
|e Cawangan Bandar Penawar
|
| 999 |
|
|
|a 0001650673
|b Book
|c Adult Collection
|e Cawangan Muar
|
| 999 |
|
|
|a 0001650674
|b Book
|c Adult Collection
|e Cawangan Segamat
|
| 999 |
|
|
|a 0001650675
|b Book
|c Adult Collection
|e Cawangan Taman Sri Lambak
|
| 999 |
|
|
|a 0001650676
|b Book
|c Adult Collection
|e Cawangan Pontian
|
| 999 |
|
|
|a 0001650677
|b Book
|c Adult Collection
|e Cawangan Kota Tinggi
|
| 999 |
|
|
|a 0001650678
|b Book
|c Adult Collection
|e Cawangan Mersing
|
| 999 |
|
|
|a 0001650679
|b Book
|c Adult Collection
|e Cawangan Bukit Gambir
|
| 999 |
|
|
|a 0001650680
|b Book
|c Adult Collection
|e Cawangan Batu Pahat
|
| 999 |
|
|
|a 0001651253
|b Book
|c Adult Collection
|e Perbadanan Perpustakaan Awam Johor
|
| 999 |
|
|
|a 0001651254
|b Book
|c Adult Collection
|e Perbadanan Perpustakaan Awam Johor
|
| 999 |
|
|
|a 0001651255
|b Book
|c Adult Collection
|e Cawangan Urban Transformation Centre
|
| 999 |
|
|
|a 0001651256
|b Book
|c Adult Collection
|e Cawangan AEON Kulaijaya
|